000 01108 a2200313 4500
005 20260625072925.0
020 _a0890047081
020 _a9780890047088
050 1 0 _aRC270.3
_bNAS 1989
100 1 _aNash, Artemis D.
_eauthor
245 1 0 _aSoft tissue sarcomas :
_bhistological diagnosis /
_cArtemis D. Nash.
264 _aNew York :
_bRaven Press,
_c1989
300 _axi, 271 pages :
_billustrations ;
336 _atext
_btxt
_2rdacontent
337 _aunmediated
_bn
_2rdamedia
338 _avolume
_bnc
_2rdacarrier
440 0 _aBiopsy interpretation series
500 _a"Electron microscopy of soft tissue sarcomas / Juan Carlos Vuletin": p. 223-250.
504 _aIncludes bibliographies and index.
650 0 _aSarcoma
_xHistopathology.
650 0 _aSarcoma
_xDiagnosis.
650 0 _aSarcoma
_xCytodiagnosis.
650 0 _aDiagnosis, Electron microscopic.
650 2 _aSarcoma
_xdiagnosis.
650 2 _aSoft Tissue Neoplasms
_xdiagnosis.
700 1 _aVuletin, Juan Carlos.
942 _2lcc
_cBK
_h270.3
_iNAS
_kRC
999 _c12188
_d12188